Les 50 Plus Gros Achats De Manchester United - Statistiques

Statistiques générales
  • Ce quiz a été pris 383 fois
    107 depuis la dernière actualisation
  • Le résultat moyen est 38 sur 50
Statistiques - réponses
Joueur Club de Provenance Saison Nationalité Poste Prix Du Transfert Ordre % Correct
PaulPogba Juventus 16/17 France M 105 000 000 € 1
100%
Antony Ajax Amsterdam 22/23 Brésil A 95 000 000 € 2
98%
HarryMaguire Leicester City 19/20 Angleterre D 87 000 000 € 3
96%
BryanMbeumo Brentford 25/26 Cameroun A 75 000 000 € 8
94%
Casemiro Real Madrid 22/23 Brésil M 70 650 000 € 11
94%
BenjaminSesko Rb Leipzig 25/26 Slovénie A 76 500 000 € 7
93%
RomeluLukaku Everton 17/18 Belgique A 84 700 000 € 5
93%
MatthijsDe Ligt Bayern Munich 24/25 Pays Bas D 45 000 000 € 22
92%
ÁngelDi Maria Real Madrid 14/15 Argentine M/A 75 000 000 € 9
91%
JadonSancho Borussia Dortmund 21/22 Angleterre A 85 000 000 € 4
91%
AndréOnana Inter Milan 23/24 Cameroun G 50 200 000 € 19
89%
AnthonyMartial Monaco 15/16 France A 60 000 000 € 15
89%
BrunoFernandes Sporting Lisbonne 19/20 Portugal M 65 000 000 € 13
89%
LennyYoro Losc 24/25 France D 62 000 000 € 14
89%
ManuelUgarte Psg 24/25 Uruguay M 50 000 000 € 20
88%
RasmusHojlund Atalanta 23/24 Danemark A 77 800 000 € 6
88%
MatheusCunha Wolverhampton 25/26 Brésil A 74 200 000 € 10
87%
RaphaelVarane Real Madrid 21/22 France D 40 000 000 € 28
87%
AlexisSánchez Arsenal 17/18 Chili A 34 000 000 € 37
85%
Fred Shaktar Donetsk 18/19 Brésil M 59 000 000 € 16
84%
LisandroMartínez Ajax Amsterdam 22/23 Argentine D 57 370 000 € 17
81%
MasonMount Chelsea 23/24 Angleterre M 67 700 000 € 12
81%
RobinVan Persie Arsenal 12/13 Pays - Bas A 30 700 000 € 41
80%
JuanMata Chelsea 13/14 Espagne M 44 730 000 € 23
79%
DavidDe Gea AtleticoMadrid 11/12 Espagne G 25 000 000 € 47
76%
DonnyVan De Beek Ajax Amsterdam 20/21 Pays - Bas M 39 000 000 € 29
76%
NemanjaMatic Chelsea 17/18 Serbie M 44 700 000 € 24
76%
EricBailly Villarreal 16/17 CoteD'Ivoire D 38 000 000 € 31
75%
HenrikMkhitaryan Borussia Dortmund 16/17 Arménie M 42 000 000 € 27
75%
AaronWan - Bissaka Crystal Palace 19/20 Angleterre D 55 000 000 € 18
74%
VictorLindelof Benfica 17/18 Suède D 35 000 000 € 36
74%
WayneRooney Everton 04/05 Angleterre A 37 000 000 € 33
74%
RioFerdinand Leeds United 02/03 Angleterre D 46 000 000 € 21
73%
JoshuaZirkzee Bologne 24/25 Pays Bas A 42 500 000 € 26
72%
MarouaneFellaini Everton 13/14 Belgique M 32 000 000 € 39
69%
DiogoDalot Porto 18/19 Portugal D 22 000 000 € 48
67%
LukeShaw Southampton 14/15 Angleterre D 37 500 000 € 32
67%
MemphisDepay Psv 15/16 Pays - Bas A 34 000 000 € 38
66%
MorganSchneiderlin Southampton 15/16 France M 35 000 000 € 35
66%
AnderHerrera Athletic Bilbao 14/15 Espagne M 36 000 000 € 34
64%
AmadDiallo Atalanta 20/21 Cote D'Ivoire A 21 300 000 € 49
62%
PatrickDorgu Lecce 24/25 Norvège D 30 000 000 € 42
62%
DimitarBerbatov Tottenham Hotspur 08/09 Hongrie A 38 000 000 € 30
61%
Juan SebastiánVerón Lazio Roma 01/02 Argentine M 42 600 000 € 25
58%
Nani Sporting Lisbonne 07/08 Portugal A 25 500 000 € 45
58%
RuudVan Nistelrooy Psv 01/02 Pays - Bas A 28 500 000 € 43
56%
SenneLammens Royal Antwerp 25/26 Belgique G 21 000 000 € 50
49%
Anderson Porto 07/08 Brésil M 31 500 000 € 40
46%
MichaelCarrick Tottenham Hotspur 06/07 Angleterre M 27 200 000 € 44
45%
OwenHargreaves Bayern Munich 07/08 Angleterre M 25 000 000 € 46
28%
Aucun quiz correspondant
Distribution des résultats
% des personnes avec chaque résultat
Percentile par nombre de réponses
Votre historique - résultats
Vous n’avez pas pris ce quiz depuis la dernière actualisation